Tekst piosenki "Znowu mam bana" - Statystyki

Ogólne statystyki
  • Ten quiz został rozwiązany 581 razy
  • Średni wynik to 11 z 28
Statystyki odpowiedzi
Tekst % Poprawnych
Trzymaj te diaxy, bo ja {wychodzę}!
92%
Znowu Mam bana! No {ja nie mogę}!
92%
Idę gdzie indziej, na {inny serwer},
83%
Trzymaj te diaxy, bo ja {wychodzę}!
81%
Znowu Mam bana! No {ja nie mogę}!
81%
Jeden, dwa i trzy diamenty, {jeszcze jeden} dla zachęty,
74%
{Dostałem bana}, więc nie pisz więcej!
64%
Gdy wkraczam na serwer, wszystko {odkrywa się},
59%
Bo idę na {lepszego serwa}.
56%
I walcie wszyscy się, wy {głupie ścierwa},
56%
Nic mi nie umknie, o nie, czeka {diaxowy set}.
47%
Na {innym serwerze} gram, tym razem się wam nie dam.
40%
Już biorę w ręce kilof, {przed siebie} przedzieram się.
39%
Węgiel, {redstone i end}, no i diamenty też.
39%
Ale {będzie szpanu}, weź adminie mnie nie banuj!
36%
Nie boję się noobów. No nie gadaj, {że mam/ban znowu}!
30%
Ty i twoje ostrze, nic mi {nie podskoczy},
19%
Ja {swe ambicje mam}, x-raya odpalam.
17%
Zaraz {wezmę się w garść}, nodusa pokażę wam.
16%
Co dla mnie inni ludzie, skoro {god moda} mam.
14%
Stary, no tak naprawdę {to nie mój} x-ray!
14%
To ktoś mi się {włamał do domu}, zainstalował go, zamknął komputer,
11%
No chłopie nie banuj mnie, {błagam}!
6%
Chłopie proszę, {bądź człowiekiem}. Proszę.
3%
Stary, dobrze wiesz, że to nie mój x-ray. {Ty i ja to wiemy}.
3%
wyszedł i {to nie moja wina}, nie możesz mnie zbanować za taką błahostkę!
3%
Nie musisz mnie banować. Ej... {Stary}... Yhm...
2%
{Stary no...} no przeć... Aaaa no to nie moja wina,
1%
Nie znaleziono quizów pasujących do podanych kryteriów
Rozkład punktacji
Procent ludzi z każdym wynikiem
Percentyl według liczby udzielonych odpowiedzi
Twoja historia wyników
Nie rozwiązałeś tego quizu